000
00324 a2200157 4500
001
46284
020
_a
9788578481124
040
_c
Anchieta - Aquarius
100
_a
Londáiz, Joaquim
240
1
0
_a
=Formigossauros
_l
por
245
1
0
_a
=Formigossauros
300
_a
362
0
_a
2013
650
4
_a
Romance
942
_c
BK
999
_c
46284
_d
46284